Twilight Zone Intros Quiz Stats

 Plays Quiz not verified by Sporcle

Also try: TV Picture Puzzles
Challenge
Share
Tweet
Embed
Score 0/190 Timer 09:00
0 Plays Today
season word % Correct
Season 1a
96.9%
Season 1a
96.9%
Season 1the
96.9%
Season 1 cont.the
96.9%
Season 1 cont.the
96.9%
Season 1 cont.the
96.9%
Season 1 cont.the
96.9%
Season 2a
96.9%
Season 2a
96.9%
Season 2a
96.9%
Season 2the
96.9%
Season 2the
96.9%
Season 3a
96.9%
Season 3a
96.9%
Season 3a
96.9%
Season 3the
96.9%
Seasons 4-5the
96.9%
Seasons 4-5a
96.9%
Seasons 4-5a
96.9%
Seasons 4-5a
96.9%
Seasons 4-5a
96.9%
Seasons 4-5the
96.9%
Season 1 cont.Twilight
92.2%
Season 2Twilight
92.2%
Season 3Twilight
92.2%
Seasons 4-5Twilight
92.2%
Season 1 cont.Zone.
91.4%
Season 2Zone.
91.4%
Season 3Zone.
91.4%
Seasons 4-5Zone.
91.4%
Season 1and
89.8%
Season 1and
89.8%
Season 1 cont.and
89.8%
Season 1 cont.and
89.8%
Season 1 cont.and
89.8%
Season 2and
89.8%
Season 3and
89.8%
Seasons 4-5and
89.8%
Seasons 4-5and
89.8%
Season 1 cont.of
89.1%
Season 1 cont.of
89.1%
Season 1 cont.of
89.1%
Season 2of
89.1%
Season 2of
89.1%
Season 2of
89.1%
Season 3of
89.1%
Season 3of
89.1%
Season 3of
89.1%
Seasons 4-5of
89.1%
Seasons 4-5of
89.1%
Seasons 4-5of
89.1%
Seasons 4-5of
89.1%
Seasons 4-5of
89.1%
Seasons 4-5of
89.1%
Seasons 4-5You
85.2%
Season 1dimension
84.4%
Season 1dimension
84.4%
Season 1 cont.dimension
84.4%
Season 2dimension,
84.4%
Season 2dimension
84.4%
Season 3dimension,
84.4%
Season 3dimension
84.4%
Seasons 4-5dimension:
84.4%
Seasons 4-5dimension
84.4%
season word % Correct
Seasons 4-5dimension
84.4%
Seasons 4-5dimension
84.4%
Season 1is
82.8%
Season 1is
82.8%
Season 1is
82.8%
Season 1is
82.8%
Season 1 cont.is
82.8%
Season 1 cont.is
82.8%
Seasons 4-5is
82.8%
Season 1 cont.an
78.1%
Season 2sight
76.6%
Season 2sound
76.6%
Season 3sight
76.6%
Season 3sound
76.6%
Seasons 4-5sound,
76.6%
Seasons 4-5sight,
76.6%
Season 1There
75.8%
Season 1to
74.2%
Season 2mind;
74.2%
Season 3mind;
74.2%
Seasons 4-5mind.
74.2%
Season 2your
72.7%
Season 3Your
72.7%
Season 1fifth
71.1%
Season 2are
70.3%
Season 3are
70.3%
Season 1It
66.4%
Season 1It
66.4%
Season 1 cont.it
66.4%
Season 1 cont.It
66.4%
Seasons 4-5it
66.4%
Season 1that
64.8%
Season 2that
64.8%
Season 2stop,
64.8%
Season 3that
64.8%
Season 3stop...
64.8%
Season 1man.
64.1%
Season 2not
64.1%
Season 2next
64.1%
Season 3not
64.1%
Season 3next
64.1%
Season 1 cont.imagination.
62.5%
Season 2imagination.
62.5%
Season 3imagination.
62.5%
Seasons 4-5imagination.
62.5%
Season 1 cont.This
61.7%
Season 2You're
61.7%
Season 3You're
61.7%
Seasons 4-5this
61.7%
Seasons 4-5You're
61.7%
Season 2another
59.4%
Season 2but
59.4%
Season 3another
59.4%
Season 3but
59.4%
Seasons 4-5another
59.4%
Season 1 cont.we
58.6%
Season 2ahead-
58.6%
Season 1known
57.8%
Season 2up
57.8%
Season 1space
57%
Season 1which
55.5%
Season 1 cont.which
55.5%
Season 2signpost
55.5%
Season 1beyond
53.1%
season word % Correct
Season 2into
53.1%
Season 3into
53.1%
Seasons 4-5Beyond
53.1%
Seasons 4-5into
53.1%
Seasons 4-5into
53.1%
Season 2through
52.3%
Season 3through
52.3%
Season 2only
50%
Season 3only
50%
Season 2traveling
49.2%
Season 3traveling
49.2%
Season 1 cont.his
47.7%
Season 1 cont.call
47.7%
Season 2land
47.7%
Season 3land
47.7%
Seasons 4-5land
47.7%
Season 1 cont.pit
46.9%
Season 1 cont.man's
46.9%
Season 1 cont.knowledge.
46.9%
Season 1 cont.fears
46.1%
Season 1 cont.summit
46.1%
Season 1as
45.3%
Season 1as
45.3%
Season 1as
45.3%
Season 1as
45.3%
Season 1between
45.3%
Season 1 cont.between
45.3%
Season 1 cont.between
45.3%
Season 1light
44.5%
Season 1shadow,
43.8%
Seasons 4-5door
43.8%
Seasons 4-5shadow
43.8%
Seasons 4-5with
43%
Season 1 cont.area
39.8%
Season 2journey
39.8%
Season 3journey
39.8%
Season 1 cont.lies
39.1%
Seasons 4-5key
39.1%
Season 1vast
37.5%
Seasons 4-5unlock
37.5%
Season 2That's
35.9%
Season 1infinity.
35.2%
Season 1timeless
34.4%
Season 1 cont.science
34.4%
Season 1 cont.superstition,
34.4%
Seasons 4-5just
34.4%
Seasons 4-5you've
32.8%
Seasons 4-5substance,
31.3%
Season 2whose
30.5%
Season 2boundaries
30.5%
Season 3whose
30.5%
Season 3boundaries
30.5%
Seasons 4-5ideas;
30.5%
Seasons 4-5crossed
30.5%
Season 1middle
28.9%
Season 1ground
28.9%
Season 2wondrous
28.9%
Season 3wondrous
28.9%
Seasons 4-5things
27.3%
Seasons 4-5over
26.6%
Seasons 4-5both
22.7%
Seasons 4-5moving
19.5%

You're not logged in!

Compare scores with friends on all Sporcle quizzes.
Join for Free
OR
Log In

You Might Also Like...

Show Comments

Extras

Top Quizzes Today


Score Distribution

Your Account Isn't Verified!

In order to create a playlist on Sporcle, you need to verify the email address you used during registration. Go to your Sporcle Settings to finish the process.

Report this User

Report this user for behavior that violates our Community Guidelines.

Details: